1416 1367 1529 1632 1761 1489 1871 1425 1083 1017 1698 1213 1378 1780 1244 1468 1567 1196 1669 1716 1914 1353 1174 1773 1567 1961 1622 1295 1458 1523 1312 1362 1827 1976 1386 1926 1896 1084 1056 1327 1646 1889 1461 1268 1257 1621 1783 1450 1541 1105 1116 1227 1310 1081 1168 1990 1696 1082 1061 1076 1141 1889 1680 1533 1764 1148 1670 1893 1688 1346 1383 1671 1213 1235 1103 1593 1009 1168 1821 1910 1340 1465 1435 1990 1332 1980 1671 1793 1404 1159 1340 1753 1235 1038 1623 1640 1007 1973 1462 BCNSPRNW ULIB Ver.6.0+V

เปลี่ยนเป็นภาษาไทย

Change to English
 แสดงรายละเอียดบรรณานุกรม
  กลับหน้าหลัก

Brief Record : Get Marc (ISO 2709) : E-mail record : QR code < ปิดหน้าต่าง
LEADER : 00000nam 2200000uu 4500
001    13399121116
003     ULIB
008    111007s2553 th 000 0 tha d
020    ^a9786165513869
060 04 ^aQV150^bP536
245 00 ^aPharmacotherapy in cardiovascular diseases III /^cบรรณาธิการ, นารัต เกษตรทัต, ณัฏฐดา อารีเปี่ยม, ชาญกิจ พุฒิเลอพงศ์
250    ^aพิมพ์ครั้งที่ 1
260    ^aกรุงเทพฯ :^bคณะเภสัชศาสตร์ จุฬาลงกรณ์มหาวิทยาลัย,^c2553
300    ^a176 หน้า ;^c26 ซม.
650  4 ^aยารักษาโรคทางระบบหัวใจและหลอดเลือด
650  4 ^aหัวใจร่วมหลอดเลือด, โรค^xการรักษาด้วยยา
700 0  ^aนารัต เกษตรทัต,^eบรรณาธิการ
700 0  ^aณัฏฐดา อารีเปี่ยม,^eบรรณาธิการ
700 0  ^aชาญกิจ พุฒิเลอพงศ์,^eบรรณาธิการ
710 2  ^aจุฬาลงกรณ์มหาวิทยาลัย. ^bคณะเภสัชศาสตร์
945    ^p259^l0^i032939
995    ^a เกษร
999    ^aใช้งานได้ทุกระบบ
รายการนี้ยังไม่มีแท็ก
คุณยังไม่ได้ล็อกอิน คุณสามารถมีกิจกรรมร่วมกับเว็บไซต์ได้ แต่ต้องล็อกอินก่อน ::
  ล็อกอิน

รายการสื่อสารสนเทศ

ลำดับที่ ประเภท เลขเรียก/บาร์โค้ด สถานที่ สถานะ
1. วิทยาศาสตร์การแพทย์ และสุขภาพ
หนังสือสำรอง
สถานะ=หนังสือสำรอง
QV150 P536 ฉ.1 
  Barcode: 032939
ห้องสมุดวิทยาเขตสวรรค์ประชารักษ์
►ส่วนจัดเก็บหนังสือเก่า สปร
บนชั้น
  ขอยืม

รายการใกล้เคียง
    หัวเรื่อง [ยารักษาโรคทางระบบหัวใจและหลอดเลือด]

BibComment


ยังไม่เคยถูกคอมเมนท์

คอมเมนท์ทรัพยากรรายการนี้
  คอมเมนท์: Pharmacotherapy ..


 Copyright 2026. Bcnsprnw @Library